00609nam a2200133 a 4500008004100000050002400041245017900065260008200244300002900326500004200355650001900397650002800416650003100444180911s2017 ||||||||||||||||| || u aGOV.ZAM(058)BA/201700a2018 Budget Address: "accelerating fiscal fitness for sustained inclusive growth, without leaving anyone behind"cby Government of the Republic of Zambia, Ministry of Finance aLusakabGovernment of the Republic of Zambia, Ministry of Finance (MoF)c2017 a38 pages : illustrations aPresented by Hon. Felix C. Mutati, MP aBUDGET--ZAMBIA aFINANCE, PUBLIC--ZAMBIA aBUDGET--ZAMBIA--PERIDICALS